| 000 | 02450nam a22003017a 4500 | ||
|---|---|---|---|
| 999 |
_c59670 _d59670 |
||
| 003 | Ge_BSU | ||
| 005 | 20230331101525.0 | ||
| 008 | 230331s2022 ge ||||| |||| 00| 0 geo d | ||
| 020 | _a9789941488443 | ||
| 041 | _ageo | ||
| 080 | _a94(479.223): 327(479.223) ბ-25 | ||
| 100 |
_aბარამიძე, ირაკლი _96016 |
||
| 245 |
_aბათუმი ბრიტანეთის ვიცე -კონსულების ანგარიშებში : _b(XIX საუკუნის 30-50-იანი წლები) / _cირაკლი ბარამიძე, ხათუნა დიასამიძე, ოლეგ ჯიბაშვილი; რედაქტორი დოდო ჭუმბურიძე. |
||
| 264 |
_aბათუმი : _bბსუ, _c2022. |
||
| 300 |
_a351 გვ. _b21 სმ. |
||
| 500 | _aმომზადდა ბათუმის შოთა რუსთაველის სახელმწიფო უნივერსიტეტის მიერ დაფინანსებული სამეცნიერო საგრანტო პროექტის ფარგლებში | ||
| 501 | _aეძღვნება პროფესორ ბიჭიკო დიასამიძის ნათელ ხსოვნას | ||
| 504 | _aბიბლიოგრ. თავების ბოლოს | ||
| 520 | _aრეზიუმე ინგლ. ენაზე თავების ბოლოს | ||
| 653 | _aოსმალეთის მმართველობის პერიოდის საინტერესო ცნობები | ||
| 653 | _aდიდი ბრიტანეთის ვიცე კონსულის ჯ. ბრანტის ანგარიშები | ||
| 653 | _aდიდი ბრიტანეთის ვიცე კონსულის ფ. გუარაჩინოს ანგარიშები | ||
| 653 | _aდიდი ბრიტანეთის ვიცე კონსულის უ. ჰოლმსის ანგარიშები | ||
| 700 |
_aდიასამიძე, ხათუნა _eავტორი _95241 |
||
| 700 |
_aჯიბაშვილი, ოლეგ _eავტორი _917393 |
||
| 700 |
_aჭუმბურიძე, დოდო _eრედაქტორი _917394 |
||
| 942 |
_2udc _cBK |
||